[Event "VIII. Karnevals-Open"]
[Site "Solingen"]
[Date "2017.02.26"]
[Round "4.11"]
[White "Müdder, Rafael"]
[Black "Asadzade, Idris"]
[Result "1-0"]
[WhiteElo "2029"]
[BlackElo "1835"]
[PlyCount "133"]
[EventDate "2017.??.??"]

1. e4 e6 2. d4 d5 3. Nd2 Be7 4. c3 c5 5. Bd3 Nf6 6. Ngf3 Nc6 7. O-O O-O 8. dxc5
Bxc5 9. exd5 exd5 10. Nb3 Bd6 11. Bg5 Bg4 12. h3 Be6 13. Bc2 Be7 14. Re1 Qd6
15. Qd3 g6 16. Nbd4 Ne4 17. Bxe7 Qxe7 18. Qe3 f5 19. Nxe6 Qxe6 20. Nd4 Qf6 21.
f3 Nxd4 22. Qxd4 Qxd4+ 23. cxd4 Nf6 24. Re7 Rf7 25. Rae1 Kf8 26. Rxf7+ Kxf7 27.
Bb3 Re8 28. Re5 Rd8 29. Kf2 b5 30. Ke1 a5 31. a3 Rd7 32. Kd2 h6 33. g4 fxg4 34.
hxg4 g5 35. Re1 Rc7 36. Re5 Rd7 37. Re1 Rc7 38. Rh1 Kg7 39. Re1 Kf7 40. Re3 Rc6
41. Re5 Rd6 42. Ba2 Rd7 43. Bb1 Rc7 44. Bd3 Rb7 45. Re1 Nd7 46. Rc1 b4 47. a4
Nf6 48. Rc5 Ra7 49. Bb5 Ke6 50. Rc6+ Ke7 51. Bd3 Kf7 52. Bf5 Ke7 53. Re6+ Kf7
54. Rc6 Ke7 55. Re6+ Kf7 56. Rb6 Ke7 57. Rb8 Kf7 58. Rh8 Kg7 59. Rc8 Kf7 60.
Bd3 Kg7 61. Kc2 Kf7 62. Kd2 Kg7 63. Bb5 Kf7 64. Rd8 Rc7 65. Ra8 h5 66. gxh5
Nxh5 67. Be8+ 1-0

[Event "VIII. Karnevals-Open"]
[Site "Solingen"]
[Date "2017.02.26"]
[Round "4.12"]
[White "Vehmeyer, Thomas"]
[Black "Tayyar, Alptug"]
[Result "0-1"]
[WhiteElo "1804"]
[BlackElo "2002"]
[PlyCount "52"]
[EventDate "2017.??.??"]

1. e4 c5 2. c3 d5 3. e5 Nc6 4. d4 Bf5 5. Bd3 Bxd3 6. Qxd3 e6 7. Nf3 Qb6 8. a3
cxd4 9. cxd4 Nge7 10. Nc3 Nf5 11. Ne2 Be7 12. O-O O-O 13. b4 a5 14. b5 Na7 15.
Nc3 g6 16. g4 Ng7 17. Qe3 Rfc8 18. Rb1 Rc4 19. Rd1 Rac8 20. Rd3 a4 21. Ne2 Rc2
22. Rc3 R2xc3 23. Nxc3 Rc4 24. h4 h5 25. Nd2 Rxd4 26. g5 Nf5 0-1

[Event "VIII. Karnevals-Open"]
[Site "Solingen"]
[Date "2017.02.26"]
[Round "4.13"]
[White "Meckel, Helmut"]
[Black "Schülke, Tilman"]
[Result "0-1"]
[WhiteElo "1782"]
[BlackElo "1949"]
[PlyCount "128"]
[EventDate "2017.??.??"]

1. b4 d5 2. Bb2 Bf5 3. e3 Nd7 4. f4 e5 5. Nf3 exf4 6. exf4 Ngf6 7. a3 Bd6 8.
Be5 Qe7 9. Qe2 Bxe5 10. fxe5 Ng4 11. Nd4 Be6 12. Nxe6 Qxe6 13. d4 O-O 14. Nd2
a5 15. b5 Nh6 16. Nf3 f6 17. exf6 Qxf6 18. O-O-O Rfe8 19. Qd2 Nb6 20. Bd3 Nf7
21. Rhe1 Rxe1 22. Rxe1 Qd6 23. Kb2 Nc4+ 24. Bxc4 dxc4 25. Qe2 c3+ 26. Kb3 a4+
27. Kxc3 Qxa3+ 28. Kd2 Qb4+ 29. c3 Qb2+ 30. Kd1 Qxe2+ 31. Rxe2 Nd6 32. Ra2 Nxb5
33. Kc2 Nd6 34. Kb1 h6 35. Rc2 b5 36. Ne5 Rf8 37. Ka2 Rf1 38. Nc6 Nf5 39. Na7
Nd6 40. Nc6 Nf5 41. Na7 Ne3 42. Re2 Nd1 43. Rc2 Rf5 44. Rc1 Ne3 45. Ka3 Nc4+
46. Kb4 Nd6 47. Rc2 Kf7 48. Re2 Kf6 49. Nc6 Rf1 50. Na5 Rb1+ 51. Ka3 h5 52. Ka2
Rd1 53. Kb2 h4 54. Kc2 Rf1 55. Kb2 g5 56. Nc6 g4 57. Ne5 Kf5 58. Nd3 Ne4 59.
Ne5 Rf2 60. Rxf2+ Nxf2 61. Ka3 Ke4 62. Ka2 c5 63. Nc6 cxd4 64. Nxd4 h3 {
Zeitüberschreitung} 0-1

[Event "VIII. Karnevals-Open"]
[Site "Solingen"]
[Date "2017.02.26"]
[Round "4.14"]
[White "Vranidis, Athanassios"]
[Black "Müdder, Melanie"]
[Result "1/2-1/2"]
[WhiteElo "1936"]
[BlackElo "1745"]
[PlyCount "40"]
[EventDate "2017.??.??"]

1. d4 Nf6 2. c4 c5 3. d5 b5 4. cxb5 a6 5. b6 g6 6. Nc3 d6 7. e4 Bg7 8. Nf3 Nbd7
9. Be2 O-O 10. O-O Qxb6 11. Qc2 Rb8 12. Rb1 Qc7 13. b3 Nb6 14. Nd2 Ra8 15. Nc4
Bg4 16. f3 Bd7 17. Bf4 Nh5 18. Bg5 Nf6 19. Bf4 Nh5 20. Bg5 Nf6 1/2-1/2

[Event "VIII. Karnevals-Open"]
[Site "Solingen"]
[Date "2017.02.26"]
[Round "4.15"]
[White "Hoefer, Severin-Paul"]
[Black "Weinkauf, Viktor"]
[Result "1-0"]
[WhiteElo "1933"]
[BlackElo "1713"]
[PlyCount "73"]
[EventDate "2017.??.??"]

1. e4 e6 2. d4 d5 3. Nc3 dxe4 4. Nxe4 Nd7 5. Be3 Ngf6 6. Bd3 b6 7. Nxf6+ Nxf6
8. Qf3 Qd5 9. c4 Bb4+ 10. Ke2 Qxf3+ 11. Nxf3 Be7 12. Ne5 Bb7 13. f3 Nd7 14.
Rhd1 Nxe5 15. dxe5 c5 16. Bc2 Bc6 17. Rd3 Rd8 18. Rad1 O-O 19. Ra3 Rxd1 20.
Bxd1 a5 21. Rd3 Rd8 22. Bd2 h6 23. g3 Rxd3 24. Kxd3 Bg5 25. f4 Be7 26. b3 g5
27. Be1 Kg7 28. Bg4 Kg6 29. Ke3 h5 30. Bh3 gxf4+ 31. gxf4 Bf8 32. Bf1 Bh6 33.
Bd3+ Kg7 34. Bh4 a4 35. Bd8 axb3 36. axb3 b5 37. cxb5 1-0

[Event "VIII. Karnevals-Open"]
[Site "Solingen"]
[Date "2017.02.26"]
[Round "4.16"]
[White "Zettl, Thomas"]
[Black "Harringer, Dr. Manfred"]
[Result "1-0"]
[WhiteElo "1926"]
[BlackElo "2004"]
[PlyCount "57"]
[EventDate "2017.??.??"]

1. c4 Nf6 2. Nc3 e6 3. e4 d5 4. e5 d4 5. exf6 dxc3 6. bxc3 Qxf6 7. d4 Nc6 8.
Nf3 e5 9. Bg5 Qg6 10. d5 Nb8 11. h4 f6 12. Be3 Be7 13. h5 Qf7 14. Bd3 Nd7 15.
Qb1 b6 16. a4 Bd6 17. a5 Rb8 18. axb6 axb6 19. Bf5 Nf8 20. g4 Bxf5 21. gxf5 Nd7
22. Qe4 O-O 23. h6 Ra8 24. Rb1 g5 25. fxg6 hxg6 26. h7+ Kh8 27. Nh4 f5 28. Qg2
Kg7 29. Bh6+ 1-0

[Event "VIII. Karnevals-Open"]
[Site "Solingen"]
[Date "2017.02.26"]
[Round "4.18"]
[White "Gallas, Noel"]
[Black "Borchert, Stephan"]
[Result "1/2-1/2"]
[WhiteElo "1666"]
[BlackElo "1934"]
[PlyCount "78"]
[EventDate "2017.??.??"]

1. e4 c5 2. c3 d5 3. exd5 Qxd5 4. d4 Nf6 5. Nf3 Bg4 6. Be2 Nc6 7. O-O e6 8. Be3
cxd4 9. cxd4 Bb4 10. Nc3 Qa5 11. Qb3 O-O 12. h3 Bh5 13. Rfd1 Ne7 14. a3 Bd6 15.
Nb5 Bb8 16. Rac1 a6 17. Nc3 b5 18. Bg5 Ned5 19. Bxf6 Nxc3 20. Qxc3 Qxc3 21.
Rxc3 gxf6 22. d5 e5 23. Rc6 Kg7 24. g4 Bg6 25. Nh4 Rd8 26. Nxg6 fxg6 27. d6 Ra7
28. Kf1 Kf7 29. a4 Ke6 30. axb5 axb5 31. d7+ Ke7 32. Rc8 Rb7 33. Rxd8 Kxd8 34.
Rd5 Rxd7 35. Rxd7+ Kxd7 36. Bxb5+ Kd6 37. Bc4 h6 38. Bf7 g5 39. f3 Ba7 1/2-1/2

[Event "VIII. Karnevals-Open"]
[Site "Solingen"]
[Date "2017.02.26"]
[Round "4.19"]
[White "Toval, David"]
[Black "Ipekyilmaz, Tayfun"]
[Result "1/2-1/2"]
[WhiteElo "1739"]
[BlackElo "1697"]
[PlyCount "109"]
[EventDate "2017.??.??"]

1. e4 e5 2. Nf3 Nc6 3. Bb5 f5 4. Nc3 fxe4 5. Nxe4 Nf6 6. d3 Nxe4 7. dxe4 d6 8.
O-O Bd7 9. Ba4 Qf6 10. Qd3 Be7 11. Be3 Qg6 12. Kh1 a6 13. c4 O-O 14. c5 Bg4 15.
Nd2 Rad8 16. Qb3+ Kh8 17. Qxb7 Nd4 18. f3 Bd7 19. Bxd7 Rxd7 20. c6 Rdd8 21.
Bxd4 exd4 22. Qxc7 Bg5 23. Nb3 Bf4 24. Nxd4 Qh5 25. h3 d5 26. Qe7 Rfe8 27. c7
Rc8 28. Qc5 Bxc7 29. Qxd5 Qg6 30. Nf5 Rcd8 31. Qc5 Rd2 32. Qg1 Bb6 33. Qh2 Bc7
34. Nh4 Qb6 35. Qg1 Qxb2 36. Rfb1 Qf6 37. Nf5 g6 38. Ne3 Be5 39. Ng4 Qg7 40.
Nxe5 Qxe5 41. Rd1 Red8 42. Qe1 Qb2 43. Qf1 Rxd1 44. Rxd1 Rxd1 45. Qxd1 Qxa2 46.
Qd8+ Kg7 47. Qe7+ Qf7 48. Qe5+ Qf6 49. Qc7+ Kf8 50. Qc5+ Ke8 51. Qc8+ Ke7 52.
Qc7+ Ke8 53. Qc8+ Ke7 54. Qc7+ Ke8 55. Qc8+ 1/2-1/2

[Event "VIII. Karnevals-Open"]
[Site "Solingen"]
[Date "2017.02.26"]
[Round "4.20"]
[White "Hufnagel, Markus"]
[Black "Lübeck, Dr. Stephan"]
[Result "0-1"]
[WhiteElo "1680"]
[BlackElo "1988"]
[PlyCount "76"]
[EventDate "2017.??.??"]

1. c4 g6 2. Nc3 Bg7 3. g3 c5 4. Bg2 Nc6 5. e4 e5 6. d3 Nge7 7. Nge2 O-O 8. O-O
d6 9. h3 Rb8 10. Be3 a6 11. a4 Nd4 12. Rb1 Nec6 13. Bxd4 cxd4 14. Nd5 b5 15.
axb5 axb5 16. cxb5 Ne7 17. Qb3 Nxd5 18. exd5 Bd7 19. f4 Rxb5 20. Qa3 Qb6 21.
fxe5 Bxe5 22. b4 Rb8 23. Qc1 Rxb4 24. Rxb4 Qxb4 25. Qc7 Qb7 26. Qxb7 Rxb7 27.
g4 Rb2 28. Nf4 Rd2 29. Be4 Kg7 30. g5 h6 31. h4 hxg5 32. hxg5 Bb5 33. Ne6+ fxe6
34. dxe6 Be8 35. e7 Rh2 36. Rf8 Rh8 37. Rf3 d5 38. Bxd5 Bd6 0-1

[Event "VIII. Karnevals-Open"]
[Site "Solingen"]
[Date "2017.02.26"]
[Round "4.21"]
[White "Boschek, Dr. Hans-Joachim"]
[Black "Gawlick, Matthias"]
[Result "1/2-1/2"]
[WhiteElo "1946"]
[BlackElo "1645"]
[PlyCount "44"]
[EventDate "2017.??.??"]

1. c4 c5 2. Nc3 Nc6 3. Nf3 Nf6 4. g3 g6 5. Bg2 Bg7 6. a3 a6 7. Rb1 d6 8. O-O
Bf5 9. d3 Rb8 10. h3 O-O 11. Bd2 Qc8 12. Kh2 Nd7 13. g4 Be6 14. Ng5 b5 15. cxb5
axb5 16. Nxe6 fxe6 17. e3 b4 18. axb4 Nxb4 19. Qe2 Qa6 20. Rfd1 Qxd3 21. Qe1
Qa6 22. Ne4 d5 1/2-1/2

[Event "VIII. Karnevals-Open"]
[Site "Solingen"]
[Date "2017.02.26"]
[Round "4.22"]
[White "Holdsch, Peter-Michael"]
[Black "Schmuck, Markus"]
[Result "0-1"]
[WhiteElo "1598"]
[BlackElo "1945"]
[PlyCount "58"]
[EventDate "2017.??.??"]

1. d4 d6 2. e4 e5 3. dxe5 dxe5 4. Qxd8+ Kxd8 5. Bc4 f5 6. Bg5+ Nf6 7. Nc3 c6 8.
Nge2 Kc7 9. Bxf6 gxf6 10. O-O-O a5 11. a4 Na6 12. Ba2 fxe4 13. Nxe4 f5 14. N4c3
Bd7 15. Kb1 Bc5 16. f3 Rad8 17. Nc1 Rhe8 18. Rhe1 Bd4 19. N1e2 Bf2 20. Rf1 Bb6
21. Ng3 Nc5 22. Rfe1 Re7 23. Re2 Kc8 24. Rd6 Rf8 25. Nd5 cxd5 26. Rxb6 Bc6 27.
b4 Nxa4 28. Rxc6+ bxc6 29. Re1 axb4 0-1

[Event "VIII. Karnevals-Open"]
[Site "Solingen"]
[Date "2017.02.26"]
[Round "4.23"]
[White "Berelowitsch, Dana"]
[Black "Bigott, Martin"]
[Result "1-0"]
[WhiteElo "1528"]
[BlackElo "1865"]
[PlyCount "61"]
[EventDate "2017.??.??"]

1. e4 d5 2. exd5 Qxd5 3. Nc3 Qd6 4. Nf3 c6 5. d4 Bf5 6. Be3 Nf6 7. Be2 e6 8.
O-O h6 9. Ne5 Qc7 10. f4 Nbd7 11. a3 h5 12. b4 a6 13. Rb1 h4 14. a4 Be7 15. Qd2
Nb6 16. b5 axb5 17. axb5 O-O 18. bxc6 bxc6 19. Rb3 Nbd5 20. Nxd5 cxd5 21. Bd3
Bxd3 22. cxd3 Rfc8 23. Rfb1 Ra7 24. Qf2 Ne8 25. Qf3 Nd6 26. Qh5 Bd8 27. Rb4 Qc3
28. R4b3 Qc2 29. R3b2 Ra1 30. Rxc2 Rxb1+ 31. Rc1 1-0

[Event "VIII. Karnevals-Open"]
[Site "Solingen"]
[Date "2017.02.26"]
[Round "4.24"]
[White "Bießner, Eberhard"]
[Black "Hörhold, Karola"]
[Result "0-1"]
[WhiteElo "1833"]
[BlackElo "1567"]
[PlyCount "56"]
[EventDate "2017.??.??"]

1. e4 e5 2. Nf3 Nc6 3. Bc4 Nf6 4. Ng5 d5 5. exd5 Na5 6. Bb5+ Bd7 7. Qe2 Be7 8.
Nc3 Bxb5 9. Qxb5+ c6 10. dxc6 Nxc6 11. Nge4 O-O 12. Nxf6+ Bxf6 13. Ne2 Nd4 14.
Nxd4 exd4 15. O-O Re8 16. Qxb7 d3 17. c3 Qd6 18. g3 Rab8 19. Qf3 Re2 20. h4
Rbe8 21. b4 h6 22. Kg2 R8e6 23. a4 Bxh4 24. gxh4 Rg6+ 25. Kh1 Qe7 26. Qf4 Qb7+
27. f3 Rgg2 28. Ba3 Qd7 0-1

[Event "VIII. Karnevals-Open"]
[Site "Solingen"]
[Date "2017.02.26"]
[Round "4.25"]
[White "Kowalzick, Uwe"]
[Black "Lukoviczki, Matyas"]
[Result "1-0"]
[WhiteElo "1707"]
[BlackElo "1782"]
[PlyCount "79"]
[EventDate "2017.??.??"]

1. d4 Nf6 2. c4 e5 3. dxe5 Ng4 4. Nf3 Nc6 5. Bf4 Bb4+ 6. Nbd2 Qe7 7. e3 Ngxe5
8. Be2 Nxf3+ 9. Bxf3 Ne5 10. O-O Bxd2 11. Bxe5 Qxe5 12. Qxd2 d6 13. Rfd1 O-O
14. Qb4 a5 15. Qb3 g5 16. Rd5 Qg7 17. Rad1 Be6 18. R5d4 f5 19. R1d2 g4 20. Bd1
b6 21. Rf4 h5 22. Qd3 Rf6 23. Bc2 Raf8 24. b3 Rh6 25. e4 fxe4 26. Rxf8+ Qxf8
27. Qxe4 h4 28. Qe3 Qf6 29. Rd4 h3 30. Bd1 hxg2 31. Bxg4 Bxg4 32. Rxg4+ Rg6 33.
Rxg6+ Qxg6 34. Qg3 Kf7 35. Qxg6+ Kxg6 36. Kxg2 c6 37. Kf3 Kf5 38. Ke3 Ke5 39.
a3 d5 40. f4+ 1-0

[Event "VIII. Karnevals-Open"]
[Site "Solingen"]
[Date "2017.02.26"]
[Round "4.26"]
[White "Dziewas, Prof. Dr. Ralf"]
[Black "Brinkmann, Katharina"]
[Result "0-1"]
[WhiteElo "1180"]
[BlackElo "1777"]
[PlyCount "84"]
[EventDate "2017.??.??"]

1. c4 e6 2. Nc3 d5 3. e3 Nf6 4. Nf3 c5 5. d4 Nc6 6. a3 Bd6 7. Nb5 Be7 8. Rb1
O-O 9. Bd3 a6 10. Nc3 dxc4 11. Bxc4 Qc7 12. O-O b5 13. Be2 Rd8 14. Qc2 e5 15.
dxc5 Bxc5 16. Nxb5 Qb6 17. Nc7 Ra7 18. Nxa6 Bxa6 19. b4 Be7 20. Bxa6 Qxa6 21.
b5 Qa5 22. b6 Rad7 23. b7 Qd5 24. Nd4 exd4 25. Bd2 dxe3 26. Bxe3 Bd6 27. Rfd1
Qh5 28. Bd4 Qxh2+ 29. Kf1 Qh1+ 30. Ke2 Nxd4+ 31. Rxd4 Re7+ 32. Kd3 Qxg2 33.
b8=Q Qg6+ 34. Kc3 Qxc2+ 35. Kxc2 Rxb8 36. Rxd6 Rc7+ 37. Kd2 Rbc8 38. Rb2 Rd7
39. Rxd7 Nxd7 40. a4 h5 41. Rb7 Nc5 42. a5 Nxb7 0-1

[Event "VIII. Karnevals-Open"]
[Site "Solingen"]
[Date "2017.02.26"]
[Round "4.27"]
[White "Humbek, Olav"]
[Black "Poschadel, Andreas Gregor"]
[Result "1-0"]
[WhiteElo "1762"]
[BlackElo "1442"]
[PlyCount "79"]
[EventDate "2017.??.??"]

1. e4 e5 2. Nf3 Nc6 3. c3 Nf6 4. d4 exd4 5. e5 Nd5 6. Bc4 Nb6 7. Bb3 Be7 8.
cxd4 d5 9. h3 Bf5 10. Nc3 h6 11. O-O O-O 12. Bc2 Bxc2 13. Qxc2 Qd7 14. Be3 Nd8
15. Rac1 c6 16. Na4 Nxa4 17. Qxa4 Ne6 18. Rc3 Bd8 19. Rfc1 Bb6 20. b4 a6 21.
Qd1 Rfe8 22. a4 Nc7 23. Qc2 Qe7 24. Qb1 Ba7 25. Nd2 Qd7 26. Nb3 Qe7 27. Nc5
Bxc5 28. bxc5 Rab8 29. Rb3 Ne6 30. f4 Nd8 31. Bd2 Qc7 32. f5 Kh7 33. Qd3 Qd7
34. f6+ g6 35. Qe3 g5 36. Qd3+ Kg8 37. Qf3 Kh7 38. h4 g4 39. Qf4 Ne6 40. Qxh6+
1-0

[Event "VIII. Karnevals-Open"]
[Site "Solingen"]
[Date "2017.02.26"]
[Round "4.28"]
[White "Mukovskiy, Peter"]
[Black "Foth, Stefan"]
[Result "0-1"]
[WhiteElo "1163"]
[BlackElo "1735"]
[PlyCount "114"]
[EventDate "2017.??.??"]

1. d4 d5 2. c4 c6 3. Nc3 Nf6 4. Nf3 g6 5. Bg5 Bg7 6. e3 O-O 7. Be2 Re8 8. O-O
Nbd7 9. Qb3 Nb6 10. c5 Nbd7 11. Rfe1 Qc7 12. Bf4 e5 13. Bg3 Nh5 14. Rad1 Nxg3
15. hxg3 exd4 16. exd4 b6 17. cxb6 axb6 18. Rc1 Qd6 19. Na4 b5 20. Nc5 Nb6 21.
a3 Bg4 22. Qc3 Nc4 23. Bxc4 dxc4 24. Ne4 Qd5 25. Ne5 Bf5 26. Qe3 Bxe4 27. Qxe4
Qxe4 28. Rxe4 f6 29. f4 fxe5 30. dxe5 Rad8 31. Re2 Rd3 32. Kh2 Kf7 33. Rf2 Ke6
34. Re2 Red8 35. Rcc2 R8d4 36. Kh3 Rxf4 37. Red2 Rfd4 38. Rf2 Bxe5 39. Rf3 Rxf3
40. gxf3 g5 41. Re2 Kd5 42. Rc2 h5 43. Rg2 h4 44. g4 Rd3 45. Rf2 Bg3 46. Rf1
Rd2 47. Rh1 Rxb2 48. a4 Rh2+ 49. Rxh2 Bxh2 50. Kxh2 bxa4 51. Kg1 a3 52. Kg2 a2
53. Kh2 a1=Q 54. Kg2 Qb2+ 55. Kf1 h3 56. f4 h2 57. fxg5 h1=Q# 0-1

[Event "VIII. Karnevals-Open"]
[Site "Solingen"]
[Date "2017.02.26"]
[Round "4.29"]
[White "Harnack, Dr. Bernhard"]
[Black "Tremöhlen, Thomas"]
[Result "0-1"]
[WhiteElo "1711"]
[BlackElo "1937"]
[PlyCount "58"]
[EventDate "2017.??.??"]

1. e4 c5 2. Nf3 Nc6 3. Bb5 Na5 4. c3 a6 5. Ba4 b5 6. Bc2 e6 7. O-O Bb7 8. d3
Be7 9. Qe2 d6 10. Nbd2 Nf6 11. h3 O-O 12. Nh2 Qc7 13. f4 Nc6 14. g4 Nd7 15. g5
f5 16. Ndf3 Rae8 17. h4 e5 18. exf5 exf4 19. g6 Bxh4 20. gxh7+ Kh8 21. Nxh4
Rxe2 22. Ng6+ Kxh7 23. Rf3 Rxc2 24. Nxf8+ Nxf8 25. Rh3+ Kg8 26. Bxf4 Ne5 27.
Bxe5 dxe5 28. Nf3 Bxf3 29. Rxf3 Qc6 0-1

[Event "VIII. Karnevals-Open"]
[Site "Solingen"]
[Date "2017.02.26"]
[Round "4.30"]
[White "Reinacher, Detlev"]
[Black "Falkenberg, Hendrik"]
[Result "0-1"]
[WhiteElo "1705"]
[BlackElo "1843"]
[PlyCount "116"]
[EventDate "2017.??.??"]

1. e4 c5 2. d3 Nc6 3. g3 g6 4. Bg2 Bg7 5. Nf3 d6 6. O-O Nf6 7. c3 O-O 8. Qc2
Bg4 9. Nbd2 Rc8 10. b3 Qd7 11. Re1 Rfd8 12. Bb2 b5 13. Rac1 a5 14. a3 Bh3 15.
Bh1 Nh5 16. Nf1 Bh6 17. Rcd1 e5 18. Ne3 Ne7 19. c4 b4 20. a4 Rf8 21. Bc1 f5 22.
Nxf5 Nxf5 23. exf5 Bxc1 24. Qxc1 Qxf5 25. Qc2 Nf4 26. Nh4 Qg5 27. Ng2 Ne6 28.
Nh4 Nd4 29. Qb2 Qf6 30. Re3 g5 31. Bd5+ Kg7 32. Nf3 Bg4 33. Nxd4 cxd4 34. Ree1
Bxd1 35. Rxd1 h5 36. Qe2 Qh6 37. Rf1 Rf6 38. h3 h4 39. g4 Rf4 40. f3 Qf6 41.
Kg2 Qe7 42. Rf2 Rff8 43. Be4 Rc5 44. Qd2 Qf6 45. Kh2 Rd8 46. Kg2 Kf7 47. Rf1
Ke7 48. Rc1 Rdc8 49. Kf2 d5 50. Bxd5 Rxd5 51. cxd5 Rc3 52. Rxc3 dxc3 53. Qe3
Qf4 54. Qa7+ Kd6 55. Qb6+ Kxd5 56. Qxa5+ Kd4 57. Qxb4+ Kxd3 58. Qd6+ Qd4+ 0-1

[Event "VIII. Karnevals-Open"]
[Site "Solingen"]
[Date "2017.02.26"]
[Round "4.31"]
[White "Hanke, Stefan"]
[Black "Eich, Philipp"]
[Result "1-0"]
[WhiteElo "1924"]
[BlackElo "1307"]
[PlyCount "31"]
[EventDate "2017.??.??"]

1. d4 e6 2. c4 f5 3. Nf3 d5 4. cxd5 exd5 5. Nc3 Nf6 6. Bf4 Bd6 7. Bxd6 cxd6 8.
Qb3 Qa5 9. g3 Nbd7 10. Bg2 Nb6 11. O-O Nc4 12. Rfd1 O-O 13. Nxd5 Nxd5 14. Qxc4
Kh8 15. Ng5 Qc7 16. Qxd5 1-0

[Event "VIII. Karnevals-Open"]
[Site "Solingen"]
[Date "2017.02.26"]
[Round "4.32"]
[White "Bungarten, Jona"]
[Black "Fränzel, Dr. Marius"]
[Result "1/2-1/2"]
[WhiteElo "1716"]
[BlackElo "1809"]
[PlyCount "33"]
[EventDate "2017.??.??"]

1. e4 e5 2. Nf3 Nc6 3. Bc4 Nf6 4. Ng5 d5 5. exd5 b5 6. Bf1 Nxd5 7. Bxb5 Bd7 8.
d3 Be7 9. Nf3 Bf6 10. O-O O-O 11. Re1 Re8 12. Re4 a6 13. Ba4 Nb6 14. Bb3 Bf5
15. Re2 Bg4 16. Re4 Bf5 17. Re2 1/2-1/2

[Event "VIII. Karnevals-Open"]
[Site "Solingen"]
[Date "2017.02.26"]
[Round "4.33"]
[White "Grunwald, Günther"]
[Black "Klugstedt, Vincent"]
[Result "0-1"]
[WhiteElo "1645"]
[BlackElo "1635"]
[PlyCount "106"]
[EventDate "2017.??.??"]

1. e4 c5 2. c3 Nf6 3. e5 Nd5 4. d4 Nc6 5. Nf3 g6 6. c4 Nc7 7. d5 Na5 8. Bd2 b6
9. Bxa5 bxa5 10. Nc3 Bg7 11. Qa4 Na6 12. a3 Rb8 13. Nb5 Qb6 14. Bd3 O-O 15. O-O
d6 16. Rfe1 Bd7 17. Rab1 Rb7 18. Qc2 Rfb8 19. e6 fxe6 20. dxe6 Bxb5 21. cxb5
Nc7 22. a4 Ne8 23. Be4 Rc7 24. Bc6 Nf6 25. Nd2 d5 26. Nb3 c4 27. Nd2 Rd8 28.
Red1 Rd6 29. Re1 Qc5 30. Rbd1 Qb4 31. Nf3 Nh5 32. Rxd5 Rxd5 33. Bxd5 Bxb2 34.
Re4 Nf6 35. Re2 Nxd5 36. Qxb2 c3 37. Qc2 Qb2 38. h3 Qxc2 39. Rxc2 Nb4 40. Rc1
c2 41. Ne1 Kg7 42. Kf1 Rc5 43. Ke2 Kf6 44. Nd3 Rc7 45. Ne1 Kxe6 46. Nxc2 Rxc2+
47. Rxc2 Nxc2 48. Kd3 Ne1+ 49. Kd4 Kd6 50. g3 Nf3+ 51. Ke3 Ne5 52. Kd4 Nd7 53.
f4 Nc5 0-1

[Event "VIII. Karnevals-Open"]
[Site "Solingen"]
[Date "2017.02.26"]
[Round "4.34"]
[White "Cornelißen, Jonas"]
[Black "Ehringfeld, Michael"]
[Result "0-1"]
[WhiteElo "1656"]
[BlackElo "1585"]
[PlyCount "102"]
[EventDate "2017.??.??"]

1. d4 d5 2. Bf4 Nf6 3. e3 e6 4. c4 Bd6 5. Bg5 c6 6. Nc3 Nbd7 7. Nf3 O-O 8. Bd3
Qc7 9. Rc1 a6 10. O-O dxc4 11. Bxc4 b5 12. Bd3 Bb7 13. Ne4 Nxe4 14. Bxe4 f6 15.
Bh4 Qb6 16. Qb3 Rfe8 17. a3 c5 18. Bxb7 Qxb7 19. dxc5 Nxc5 20. Qc3 e5 21. Rfd1
Be7 22. b4 Na4 23. Qc6 Qxc6 24. Rxc6 Nb2 25. Rd7 Nc4 26. Rcc7 Kf8 27. a4 Rad8
28. g4 Rxd7 29. Rxd7 bxa4 30. Ra7 Bxb4 31. Rxa6 a3 32. g5 Na5 33. gxf6 a2 34.
fxg7+ Kg8 35. Kg2 a1=Q 36. Bf6 Qd1 37. Nxe5 Qd5+ 38. Nf3 Qb5 39. Ra7 Bc5 40.
Nd4 Bxd4 41. Bxd4 Nc6 42. Rd7 Nxd4 43. Rxd4 Qe2 44. h3 Kxg7 45. Rd7+ Kg6 46.
Rd6+ Kf7 47. Rd4 Rxe3 48. Rf4+ Kg6 49. Rg4+ Kf5 50. Ra4 Qf3+ 51. Kf1 Qh1# 0-1

[Event "VIII. Karnevals-Open"]
[Site "Solingen"]
[Date "2017.02.26"]
[Round "4.35"]
[White "Coenen, Siegfried"]
[Black "Tanz, Manfred"]
[Result "0-1"]
[WhiteElo "1982"]
[BlackElo "1629"]
[PlyCount "80"]
[EventDate "2017.??.??"]

1. e4 c5 2. Nf3 Nc6 3. c3 d6 4. Bc4 e6 5. O-O Nf6 6. Re1 Be7 7. Bb5 O-O 8. d4
d5 9. e5 Ne8 10. a3 a6 11. Bd3 c4 12. Bc2 f5 13. exf6 Bxf6 14. Bf4 Nc7 15. Nbd2
Qe7 16. Nxc4 dxc4 17. Qe2 Nd8 18. Qxc4 Nd5 19. Bg3 Qf7 20. Qd3 g6 21. c4 Ne7
22. Bd6 Ndc6 23. d5 exd5 24. cxd5 Bf5 25. Qd2 Bxc2 26. dxc6 bxc6 27. Qxc2 Rfe8
28. Re2 Nf5 29. Qxc6 Nxd6 30. Rxe8+ Rxe8 31. Qxd6 Bxb2 32. Rd1 Bf6 33. Qxa6 Qb3
34. Rc1 Qb2 35. Qc6 Re7 36. a4 Kg7 37. g3 Re2 38. Rf1 Qb3 39. Qd7+ Re7 40. Qd5
Qxd5 0-1

[Event "VIII. Karnevals-Open"]
[Site "Solingen"]
[Date "2017.02.26"]
[Round "5.2"]
[White "Terhuven, Patrick"]
[Black "Coenen, Michael"]
[Result "0-1"]
[WhiteElo "2157"]
[BlackElo "2379"]
[PlyCount "122"]
[EventDate "2017.??.??"]

1. d4 Nf6 2. Nf3 e6 3. g3 b6 4. Bg2 Bb7 5. c4 c5 6. d5 exd5 7. cxd5 d6 8. Nc3
Be7 9. O-O O-O 10. a4 Na6 11. e4 Nb4 12. Re1 Re8 13. Bf1 Bf8 14. Nd2 Nfxd5 15.
Nxd5 Bxd5 16. exd5 Rxe1 17. Qxe1 Nc2 18. Qe4 Nxa1 19. Qb1 Qg5 20. Qxa1 Re8 21.
Nc4 Qxd5 22. Ne3 Qd4 23. Qa2 g6 24. Bc4 Re7 25. Bd5 Qb4 26. Qc4 Qxc4 27. Bxc4
Bh6 28. Kg2 Re4 29. b3 Kf8 30. Kf3 Re8 31. Bb2 Bg7 32. Bxg7+ Kxg7 33. Nd5 Re5
34. g4 h5 35. h3 Kf8 36. gxh5 Rxh5 37. Kg4 Re5 38. f4 Re1 39. f5 Rg1+ 40. Kf4
Rd1 41. f6 Rd2 42. h4 Rf2+ 43. Kg4 Rf5 44. Nc3 Re5 45. Nd5 Ke8 46. Ne7 Kf8 47.
Nc6 Rf5 48. Nxa7 d5 49. Bb5 Rxf6 50. Nc6 Re6 51. h5 c4 52. bxc4 dxc4 53. Nb4
gxh5+ 54. Kxh5 c3 55. Kg5 Rd6 56. Nd3 c2 57. Nc1 Rd1 58. Nb3 Ke7 59. Kf5 c1=Q
60. Nxc1 Rxc1 61. Ke5 Rc5+ 0-1

[Event "VIII. Karnevals-Open"]
[Site "Solingen"]
[Date "2017.02.26"]
[Round "5.3"]
[White "Kutzner, Joachim"]
[Black "Flesch, Dr. Stefan"]
[Result "0-1"]
[WhiteElo "2043"]
[BlackElo "2073"]
[PlyCount "94"]
[EventDate "2017.??.??"]

1. e4 g6 2. Nc3 Bg7 3. Bc4 e6 4. a4 Ne7 5. d3 d5 6. Bb3 Na6 7. Qf3 Nc5 8. Bg5
Nxb3 9. cxb3 d4 10. Bf6 O-O 11. Nb5 Bxf6 12. Qxf6 Nc6 13. Qxd8 Rxd8 14. Nxc7
Rb8 15. Nb5 e5 16. Nf3 Be6 17. Nd2 a6 18. Nc7 Bd7 19. Ke2 Ne7 20. Nc4 Rbc8 21.
Nd5 Nxd5 22. exd5 b5 23. Nb6 Rc2+ 24. Kf3 Bf5 25. Rhd1 h5 26. h3 h4 27. axb5
axb5 28. g4 hxg3 29. Kxg3 Rd6 30. Ra8+ Kg7 31. Rb8 Rxb2 32. f4 Re2 33. fxe5
Rxe5 34. Ra1 g5 35. Raa8 Re3+ 36. Kg2 Rxd3 37. Rg8+ Kf6 38. Nc8 Bxh3+ 39. Kh2
Bxc8 40. Raxc8 Rxd5 41. Rc7 Re3 42. Rh8 d3 43. Rh7 d2 44. Rhxf7+ Ke5 45. Rf1
d1=Q 46. Re7+ Kd6 47. Rxd1 Rxe7 0-1

[Event "VIII. Karnevals-Open"]
[Site "Solingen"]
[Date "2017.02.26"]
[Round "5.4"]
[White "Arndt, Stefan"]
[Black "Hoefer, Severin-Paul"]
[Result "1-0"]
[WhiteElo "2197"]
[BlackElo "1933"]
[PlyCount "61"]
[EventDate "2017.??.??"]

1. e4 c6 2. d4 d5 3. exd5 cxd5 4. c4 Nf6 5. Nc3 g6 6. cxd5 Nxd5 7. Bc4 Nb6 8.
Bb3 Bg7 9. Nf3 O-O 10. h3 Bf5 11. Be3 Nc6 12. a3 Rc8 13. O-O Na5 14. Ba2 Nac4
15. Qe2 Nxa3 16. Bb3 Nac4 17. Rxa7 Nxe3 18. fxe3 e5 19. d5 e4 20. Nd4 Bxd4 21.
exd4 Rc7 22. d6 Nc8 23. Ra8 Qxd6 24. Nb5 Qb6 25. Nxc7 Qxb3 26. Nb5 Bd7 27. Nc3
f5 28. d5 Rf6 29. Nxe4 Qb6+ 30. Nf2 Kg7 31. Qe5 1-0